Statistics for All Countries That Can Participate in Eurovision Song Contest

Click here to take the quiz!

General Stats

  • This quiz has been taken 74 times
  • The average score is 49 of 55

Answer Stats

Answer% Correct
United Kingdom
98%
Ireland
98%
Iceland
95%
Sweden
95%
Ukraine
95%
Russia
95%
Israel
94%
Germany
94%
Estonia
94%
Montenegro
94%
Albania
94%
Portugal
94%
San Marino
94%
Serbia
94%
Austria
94%
Armenia
94%
Andorra
94%
Norway
94%
Netherlands
92%
Morocco
92%
Macedonia
92%
Slovakia
92%
Latvia
92%
Turkey
92%
Greece
92%
France
92%
Finland
92%
Bulgaria
92%
Czech Republic
92%
Cyprus
91%
Azerbaijan
91%
Lithuania
91%
Belarus
91%
Belgium
91%
Poland
91%
Denmark
91%
Slovenia
89%
Bosnia and Herzegovina
89%
Hungary
89%
Monaco
89%
Romania
88%
Luxembourg
88%
Spain
88%
Australia
88%
Switzerland
88%
Italy
88%
Croatia
85%
Moldova
85%
Malta
85%
Georgia
85%
Algeria
77%
Egypt
75%
Vatican City
71%
Libya
63%
Jordan
54%

Score Distribution

Percentile by Number Answered

Percent of People with Each Score

Your Score History

You have not taken this quiz